Les Capitaines de l'AC Milan - Statistiques

Statistiques générales
  • Ce quiz a été pris 83 fois
    44 depuis la dernière actualisation
  • Le résultat moyen est 4 sur 8
Statistiques - réponses
Dates Réponse % Correct
1997-2009 Paolo Maldini
100%
2025- Mike Maignan
82%
1982-1997 Franco Baresi
71%
2022-2025 Davide Calabria
64%
2018-2022 Alessio Romagnoli
46%
2009-2013 Massimo Ambrosini
29%
2013-2017 Riccardo Montolivo
29%
2017-2018 Leonardo Bonucci
25%
Aucun quiz correspondant
Distribution des résultats
% des personnes avec chaque résultat
Percentile par nombre de réponses
Votre historique - résultats
Vous n’avez pas pris ce quiz depuis la dernière actualisation